000 00428nam a2200169 i 4500
001 132887
003 ES-MaACL
005 20230906194254.0
007 t|
008 070214s1917 fr r ||||1| fre d
080 _a821.133.1-31"19"
100 1 _aRosny, J. -H.
_999792
245 1 2 _aL'aube du futur /
_cJ. H. Rosny.
260 _aParis :
_bGeorge Grés,
_c1917.
300 _a153 p. ;
_c16 cm.
852 _aES-MaACL
_jG-2932
999 _c132887
_d132887